000 00774ntm a22002897a 4500
005 20260211180235.0
008 190524b2017 xxu||||| |||| 00| 0 spa d
020 _a9788429019964
041 _aESP
082 _a364 AY978d
100 _aAyllón Santiago, Héctor
_953703
245 _aDeontología teórica y práctica para profesionales de la criminología
260 _aEspaña
260 _bREUS
260 _c2017
300 _a294 páginas
490 _aInvestigación Criminal
650 _aCRIMINOLOGÍA
650 _aÉTICA PROFESIONAL
650 _aDEONTOLOGÍA
650 _aSEGURIDAD
650 _aDETECTIVE PRIVADO
650 _aSEGURIDAD PRIVADA
650 _aLEGÍTIMA DEFENSA
650 _aHONORARIOS PROFESIONALES
942 _cBK
_2ddc
999 _c11944
_d11944